<?xml version="1.0" encoding="UTF-8"?>
<collection xmlns="http://www.loc.gov/MARC21/slim">
 <record>
  <leader>01473pam a22004098a 4500</leader>
  <controlfield tag="001">00033006</controlfield>
  <controlfield tag="005">20171026081025.0</controlfield>
  <controlfield tag="008">150304s2014                  ||||||viesd</controlfield>
  <datafield tag="020" ind1="#" ind2="#">
   <subfield code="a">9786046925996</subfield>
  </datafield>
  <datafield tag="041" ind1="0" ind2="#">
   <subfield code="a">vie</subfield>
  </datafield>
  <datafield tag="082" ind1="1" ind2="4">
   <subfield code="a">895.922 830 9</subfield>
   <subfield code="b">T454QU</subfield>
  </datafield>
  <datafield tag="245" ind1="0" ind2="0">
   <subfield code="a">Tôn Quang Phiệt</subfield>
   <subfield code="c">Tôn Gia Huyên, Chương Thâu, Tôn Thảo Miên (St.,bs.); Nguyễn Đình Chú (giới thiệu)</subfield>
   <subfield code="b">1900-1973</subfield>
   <subfield code="n">Quyển 2</subfield>
   <subfield code="p">Văn học. Tập 2</subfield>
  </datafield>
  <datafield tag="260" ind1="#" ind2="#">
   <subfield code="a">Hà Nội</subfield>
   <subfield code="b">Văn học</subfield>
   <subfield code="c">2014</subfield>
  </datafield>
  <datafield tag="300" ind1="#" ind2="#">
   <subfield code="a">891 tr.</subfield>
   <subfield code="c">21 cm.</subfield>
  </datafield>
  <datafield tag="600" ind1="1" ind2="4">
   <subfield code="a">Tôn, Quang Phiệt</subfield>
  </datafield>
  <datafield tag="653" ind1="#" ind2="#">
   <subfield code="a">Nghiên cứu</subfield>
  </datafield>
  <datafield tag="653" ind1="#" ind2="#">
   <subfield code="a">Dịch thuật</subfield>
  </datafield>
  <datafield tag="653" ind1="#" ind2="#">
   <subfield code="a">Sáng tác</subfield>
  </datafield>
  <datafield tag="653" ind1="#" ind2="#">
   <subfield code="a">Văn học Việt Nam</subfield>
  </datafield>
  <datafield tag="653" ind1="#" ind2="#">
   <subfield code="a">Văn học</subfield>
  </datafield>
  <datafield tag="653" ind1="#" ind2="#">
   <subfield code="a">Tác phẩm</subfield>
  </datafield>
  <datafield tag="700" ind1="1" ind2="#">
   <subfield code="a">Chương, Thâu</subfield>
   <subfield code="e">Sưu tầm, biên soạn</subfield>
  </datafield>
  <datafield tag="700" ind1="1" ind2="#">
   <subfield code="a">Nguyễn, Đình Chú</subfield>
   <subfield code="e">Giới thiệu</subfield>
  </datafield>
  <datafield tag="700" ind1="1" ind2="#">
   <subfield code="a">Tôn, Gia Huyên</subfield>
   <subfield code="e">Sưu tầm, biên soạn</subfield>
  </datafield>
  <datafield tag="700" ind1="1" ind2="#">
   <subfield code="a">Tôn, Thảo Miên</subfield>
   <subfield code="e">Sưu tầm, biên soạn</subfield>
  </datafield>
  <datafield tag="852" ind1="#" ind2="#">
   <subfield code="j">KM.0017843</subfield>
   <subfield code="j">KM.0017844</subfield>
   <subfield code="j">KD.0016507</subfield>
   <subfield code="j">KM.0017845</subfield>
   <subfield code="j">KM.0017846</subfield>
   <subfield code="j">KM.0017842</subfield>
   <subfield code="j">KM.0017847</subfield>
  </datafield>
  <datafield tag="852" ind1="#" ind2="#">
   <subfield code="b">Kho đọc</subfield>
   <subfield code="j">KD.0016507</subfield>
  </datafield>
  <datafield tag="852" ind1="#" ind2="#">
   <subfield code="b">Kho mượn</subfield>
   <subfield code="j">KM.0017842, KM.0017843, KM.0017844, KM.0017845, KM.0017846, KM.0017847</subfield>
  </datafield>
  <datafield tag="910" ind1="0" ind2="#">
   <subfield code="a">kchi</subfield>
   <subfield code="d">4/3/2015</subfield>
  </datafield>
  <datafield tag="980" ind1="#" ind2="#">
   <subfield code="a">Trung tâm Học liệu Lê Vũ Hùng, Trường Đại học Đồng Tháp</subfield>
  </datafield>
 </record>
</collection>
